01012 2200361 4500001002100000005001500021035002000036007000300056040001700059100003000076245005600106250001800162300004300180504002500223041000800248082001100256084001700267090002100284264003700305336002100342337003000363338002300393650001400416850001000430008004100440020002200481700003100503500002800534990002200562990002200584990002200606990002200628INLIS00000000000633020260418080626 a0010-0322000574ta aSBPUPADbInd0 aHerman DarmawiePengarang1 aManajemen Resiko /cHerman Darmawi, Editor, Suryani a.-Ed.2, Cet.1 axvi, 255 hlm. :bilus. ;c14,5x20,5 cm aBibliografi, hal 2230 aInd a368.32 a368.32 HER m a363.7 KOM p 13-3 a.--Jakarta :bBumi Aksara,c2016 2rdacontentaTeks 2rdamediaaTanpa Perantara 2rdacarrieravolume 4aManajemen aPUPAD260418 0  a978-602-217-398-4 aEditor, SuryaniePengarang aProfil Penulis, hal 225 a25.395/B/DPK/2017 a25.398/B/DPK/2017 a25.397/B/DPK/2017 a25.396/B/DPK/2017